| 000 | 00762nam a2200217Ia 4500 | ||
|---|---|---|---|
| 008 | 130821s2000 xxu gr eng | ||
| 020 | _a9780700612253 | ||
| 040 |
_aCo-BoUCM _bspa |
||
| 041 | 0 | 0 | _aeng |
| 100 | 1 |
_aLinn, Brian McAllister. _9160673 |
|
| 245 | 1 | 4 |
_aThe Philippine War, 1899-1902 _cBrian McAllister Linn |
| 260 |
_aLawrence (Kansas, Estados Unidos) _bUniversity Press of Kansas _c2000 |
||
| 300 | _axiv, 427 páginas | ||
| 490 | 0 | _aModern war studies | |
| 504 | _aIncluye bibliografía e índice. | ||
| 650 | 0 | 4 |
_aHistoria de Asia _926507 |
| 651 | 4 |
_aFilipinas _xHistoria _ySiglos XIX-XX _926961 |
|
| 651 | 4 |
_aFilipinas _xPolítica y gobierno _989126 |
|
| 942 |
_cLIBRO _a21 _e1 _mL758 _2DEWEY _h959.9031 |
||
| 999 |
_c40510 _d40510 |
||